[Event "Tenerife-chT Primera"]
[Site "Tenerife"]
[Date "2023.01.28"]
[Round "3.3"]
[White "Castilla Arteaga, Carlos David"]
[Black "Delgado Delgado, Jose Miguel"]
[Result "1/2-1/2"]
[WhiteElo "1763"]
[BlackElo "1691"]
[PlyCount "78"]
[EventDate "2023.01.14"]
[EventType "team-tourn"]
[EventRounds "14"]
[EventCountry "ESP"]
[SourceTitle "EXT 2024"]
[Source "ChessBase"]
[SourceDate "2023.10.10"]
[SourceVersion "1"]
[SourceVersionDate "2023.10.10"]
[SourceQuality "1"]
[WhiteTeam "El Sauzal Libreria Barco II"]
[BlackTeam "Playa San Juan"]
[WhiteTeamCountry "ESP"]
[BlackTeamCountry "ESP"]

1. e4 e5 2. Nf3 Nf6 3. Nc3 Nc6 4. d4 exd4 5. Nxd4 Be7 6. Nxc6 dxc6 7. Qxd8+ Bxd8 8. Bg5 0-0 9. 0-0-0 Be6 10. h3 h6 11. Be3 Be7 12. Kb1 Rfd8 13. Be2 Rxd1+ 14. Rxd1 a6 15. f4 Rd8 16. Bf3 Rxd1+ 17. Nxd1 Ne8 18. Nf2 Nd6 19. f5 Bc8 20. Bf4 f6 21. g4 Ne8 22. Nd3 Bd6 23. e5 fxe5 24. Bxe5 Nf6 25. Bxf6 gxf6 26. Kc1 h5 27. Kd2 hxg4 28. hxg4 Kg7 29. c4 Bd7 30. c5 Bg3 31. b4 Kh6 32. a4 Kg5 33. Kc3 Be8 34. Kd4 Bf7 35. b5 axb5 36. axb5 cxb5 37. Bxb7 Kxg4 38. Bc8 Bc4 39. c6 Bxd3 1/2-1/2

[Event "Tenerife-chT Primera Relegation"]
[Site "Tenerife"]
[Date "2022.06.25"]
[Round "2.3"]
[White "Castilla Arteaga, Carlos David"]
[Black "Cordero Alamo, Ramon"]
[Result "1/2-1/2"]
[WhiteElo "1763"]
[BlackElo "1415"]
[PlyCount "42"]
[EventDate "2022.06.04"]
[EventType "team-match"]
[EventRounds "2"]
[EventCountry "ESP"]
[SourceTitle "EXT 2024"]
[Source "ChessBase"]
[SourceDate "2023.10.10"]
[SourceVersion "1"]
[SourceVersionDate "2023.10.10"]
[SourceQuality "1"]
[WhiteTeam "El Sauzal II"]
[BlackTeam "Caissa Enroque II"]
[WhiteTeamCountry "ESP"]
[BlackTeamCountry "ESP"]

1. e4 c6 2. Nc3 d5 3. Nf3 Bg4 4. h3 Bxf3 5. Qxf3 e6 6. Be2 Nd7 7. d4 dxe4 8. Nxe4 Ngf6 9. Nxf6+ Nxf6 10. c3 Be7 11. Qg3 0-0 12. 0-0 Bd6 13. Bf4 Bxf4 14. Qxf4 Nd5 15. Qe5 Rc8 16. Rad1 Qc7 17. Qxc7 Rxc7 18. Rc1 Rfc8 19. Bf3 c5 20. Bxd5 exd5 21. dxc5 Rxc5 1/2-1/2

[Event "Tenerife-chT Preferente 1920"]
[Site "Tenerife"]
[Date "2020.02.08"]
[Round "6.4"]
[White "Castilla Arteaga, Carlos David"]
[Black "Calzadilla Saiz, Luis Alberto"]
[Result "0-1"]
[WhiteElo "1775"]
[BlackElo "1948"]
[PlyCount "63"]
[EventDate "2019.11.30"]
[EventType "team-tourn"]
[EventRounds "14"]
[EventCountry "ESP"]
[SourceTitle "CBM 195 Extra"]
[Source "ChessBase"]
[SourceDate "2020.05.31"]
[SourceVersion "1"]
[SourceVersionDate "2020.05.31"]
[SourceQuality "1"]
[WhiteTeam "El Sauzal Libreria Barco"]
[BlackTeam "Rey Ahogado"]
[WhiteTeamCountry "ESP"]
[BlackTeamCountry "ESP"]

1. e4 c5 2. Nf3 d6 3. d4 cxd4 4. Nxd4 Nf6 5. Nc3 g6 6. Be3 Bg7 7. f3 0-0 8. Qd2 Nc6 9. 0-0-0 Nxd4 10. Bxd4 Be6 11. Kb1 Qc7 12. g4 Rfc8 13. h4 Qa5 14. Nd5 Qxd2 15. Nxf6+ Bxf6 16. Rxd2 Kg7 17. Bxf6+ Kxf6 18. g5+ Ke5 19. Bh3 Bxh3 20. Rxh3 Rc5 21. c3 Rd8 22. Kc2 b5 23. Kd3 a5 24. Ke3 a4 25. a3 f5 26. gxf6 exf6 27. f4+ Ke6 28. Rh1 d5 29. Rxd5 Rdxd5 30. exd5+ Kxd5 31. Rd1+ Kc6 32. Rd4 0-1

[Event "Tenerife-chT Preferente 1617"]
[Site "Tenerife"]
[Date "2017.04.22"]
[Round "13.3"]
[White "Hernandez Leon, Sergio"]
[Black "Castilla Arteaga, Carlos David"]
[Result "1-0"]
[WhiteElo "2058"]
[BlackElo "1771"]
[PlyCount "71"]
[EventDate "2016.12.10"]
[EventType "team-tourn"]
[EventRounds "14"]
[EventCountry "ESP"]
[SourceTitle "EXT 2018"]
[Source "ChessBase"]
[SourceDate "2017.10.13"]
[SourceVersion "1"]
[SourceVersionDate "2017.10.13"]
[SourceQuality "1"]
[WhiteTeam "Casa de Venezuela Ebano"]
[BlackTeam "La Gomera"]
[WhiteTeamCountry "ESP"]
[BlackTeamCountry "ESP"]

1. e4 c5 2. c3 d6 3. d4 cxd4 4. cxd4 Nf6 5. Nc3 g6 6. Nf3 Bg7 7. h3 0-0 8. Be2 a6 9. a4 Nc6 10. d5 Ne5 11. Nd4 Ned7 12. a5 Nc5 13. Bf3 Re8 14. b4 Ncd7 15. Be3 e6 16. dxe6 fxe6 17. Qb3 Ne5 18. Be2 Kh8 19. 0-0 Nf7 20. Rfd1 Qe7 21. Rac1 Bd7 22. g4 Ng8 23. f4 Rac8 24. b5 axb5 25. Ndxb5 Bxb5 26. Bxb5 Rf8 27. Bc4 Qh4 28. Kg2 Ng5 29. fxg5 d5 30. exd5 Be5 31. Ne4 exd5 32. Bxd5 Rxc1 33. Rxc1 h5 34. Bf2 Rxf2+ 35. Nxf2 Qxg5 36. Rc8 1-0

[Event "Tenerife-chT Preferente 1617"]
[Site "Tenerife"]
[Date "2017.04.01"]
[Round "11.4"]
[White "Castilla Arteaga, Carlos David"]
[Black "Henriquez Garcia, David"]
[Result "1-0"]
[WhiteElo "1771"]
[BlackElo "1953"]
[PlyCount "91"]
[EventDate "2016.12.10"]
[EventType "team-tourn"]
[EventRounds "14"]
[EventCountry "ESP"]
[SourceTitle "EXT 2018"]
[Source "ChessBase"]
[SourceDate "2017.10.13"]
[SourceVersion "1"]
[SourceVersionDate "2017.10.13"]
[SourceQuality "1"]
[WhiteTeam "La Gomera"]
[BlackTeam "Laguna Cotelec"]
[WhiteTeamCountry "ESP"]
[BlackTeamCountry "ESP"]

1. e4 c5 2. Nf3 e6 3. d4 cxd4 4. Nxd4 Nf6 5. Bd3 Nc6 6. Nxc6 bxc6 7. 0-0 d6 8. Qe2 e5 9. h3 Be7 10. b3 0-0 11. c4 a5 12. Nc3 Nd7 13. Be3 Bf6 14. Rac1 Bb7 15. Rfd1 c5 16. Bc2 Be7 17. Rd2 Ra6 18. Rcd1 Qa8 19. f3 Rc8 20. Rd3 Nf8 21. Nb5 Rcc6 22. Nc3 Ne6 23. Nd5 Bf8 24. Qf2 Rc8 25. Nc3 Nd4 26. Bxd4 cxd4 27. Nd5 Bxd5 28. exd5 Qb7 29. f4 f6 30. fxe5 fxe5 31. Qf5 Re8 32. Rf1 g6 33. Rg3 Bg7 34. Rxg6 e4 35. Bxe4 hxg6 36. Qxg6 Rxe4 37. Qxe4 Qd7 38. Rf4 Ra8 39. Rh4 Rf8 40. Qh7+ Kf7 41. Rg4 Qxg4 42. hxg4 Re8 43. Qf5+ Kg8 44. g5 Re5 45. Qg6 Re1+ 46. Kf2 1-0

[Event "Tenerife-chT Preferente 1617"]
[Site "Tenerife"]
[Date "2017.03.18"]
[Round "9.4"]
[White "Castilla Arteaga, Carlos David"]
[Black "Alvarez Alonso, Alberto"]
[Result "0-1"]
[WhiteElo "1771"]
[BlackElo "1886"]
[PlyCount "76"]
[EventDate "2016.12.10"]
[EventType "team-tourn"]
[EventRounds "14"]
[EventCountry "ESP"]
[SourceTitle "EXT 2018"]
[Source "ChessBase"]
[SourceDate "2017.10.13"]
[SourceVersion "1"]
[SourceVersionDate "2017.10.13"]
[SourceQuality "1"]
[WhiteTeam "La Gomera"]
[BlackTeam "Al Shah Mat Los Realejos II"]
[WhiteTeamCountry "ESP"]
[BlackTeamCountry "ESP"]

1. e4 e6 2. d4 d5 3. exd5 exd5 4. c4 Bb4+ 5. Nc3 Ne7 6. Nf3 0-0 7. c5 b6 8. cxb6 axb6 9. Bd3 Ba6 10. 0-0 Bxd3 11. Qxd3 f6 12. a3 c5 13. Be3 c4 14. Qc2 Bd6 15. Rfe1 Nbc6 16. Re2 Ra5 17. Rae1 b5 18. Na2 b4 19. Nxb4 Bxb4 20. axb4 Nxb4 21. Qc3 Nd3 22. Rb1 Ra2 23. Ne1 Nxe1 24. Rexe1 Qd6 25. b3 Rc8 26. bxc4 dxc4 27. Rb2 Nd5 28. Qc1 Rxb2 29. Qxb2 c3 30. Qa2 Kh8 31. Bc1 h6 32. Qa4 Qc6 33. Qxc6 Rxc6 34. Kf1 Ra6 35. Re8+ Kh7 36. Rd8 Nb4 37. Rc8 Ra1 38. Rxc3 Na2 0-1

[Event "Tenerife-chT Preferente 1617"]
[Site "Tenerife"]
[Date "2017.03.11"]
[Round "8.3"]
[White "Meneses Gonzalez, Kevin Moises"]
[Black "Castilla Arteaga, Carlos David"]
[Result "1-0"]
[WhiteElo "2305"]
[BlackElo "1771"]
[PlyCount "61"]
[EventDate "2016.12.10"]
[EventType "team-tourn"]
[EventRounds "14"]
[EventCountry "ESP"]
[SourceTitle "EXT 2018"]
[Source "ChessBase"]
[SourceDate "2017.10.13"]
[SourceVersion "1"]
[SourceVersionDate "2017.10.13"]
[SourceQuality "1"]
[WhiteTeam "Cajacanarias"]
[BlackTeam "La Gomera"]
[WhiteTeamCountry "ESP"]
[BlackTeamCountry "ESP"]

1. e4 c5 2. Nf3 Nc6 3. d4 cxd4 4. Nxd4 g6 5. c4 Bg7 6. Nc2 d6 7. Be2 Nf6 8. Nc3 a5 9. 0-0 0-0 10. Be3 Bd7 11. f3 Ne5 12. Qd2 Qc7 13. Na3 Bc6 14. Rac1 Ned7 15. Nd5 Qd8 16. Rfd1 Nc5 17. b3 Bxd5 18. exd5 b6 19. Nb5 Nfd7 20. Re1 Ne5 21. f4 Ned7 22. Nd4 Nf6 23. Bf3 Qd7 24. Nc6 Rfe8 25. Bd4 Rac8 26. Qc3 Nh5 27. Bxh5 Bxd4+ 28. Qxd4 gxh5 29. Rc3 f6 30. Rg3+ Kh8 31. Rge3 1-0

[Event "Canarias-ch"]
[Site "Vecindario"]
[Date "2016.05.29"]
[Round "5.8"]
[White "Castilla Arteaga, Carlos David"]
[Black "Roca Marrero, Jose Miguel"]
[Result "1/2-1/2"]
[WhiteElo "1781"]
[BlackElo "1546"]
[PlyCount "88"]
[EventDate "2016.05.27"]
[EventType "swiss"]
[EventRounds "6"]
[EventCountry "ESP"]
[SourceTitle "EXT 2024"]
[Source "ChessBase"]
[SourceDate "2023.10.10"]
[SourceVersion "1"]
[SourceVersionDate "2023.10.10"]
[SourceQuality "1"]

1. e4 d5 2. exd5 Qxd5 3. Nf3 c6 4. d4 Nf6 5. c4 Qd8 6. Nc3 Bf5 7. Be2 e6 8. 0-0 Be7 9. Qb3 Qb6 10. Qxb6 axb6 11. Bf4 0-0 12. Rfd1 Ne4 13. Nxe4 Bxe4 14. Ng5 Bg6 15. d5 exd5 16. cxd5 Bf6 17. Rd2 cxd5 18. a3 d4 19. Bd3 Nc6 20. Nf3 Rac8 21. Bxg6 hxg6 22. Bg5 Ne5 23. Bxf6 Nxf3+ 24. gxf3 gxf6 25. Rad1 Rfe8 26. Rxd4 Kf8 27. Kf1 Rc6 28. R4d3 Rce6 29. Rd6 R8e7 30. R1d2 Rxd6 31. Rxd6 Re6 32. Rd8+ Re8 33. Rd5 Re6 34. Rd3 Ke7 35. h4 f5 36. Kg2 Rd6 37. Rc3 Kd7 38. Kg3 Rd4 39. Rb3 Rd6 40. Kf4 Rd2 41. Ke3 Rd6 42. Rb4 Ke6 43. Rc4 Rc6 44. Rb4 Rd6 1/2-1/2

[Event "Canarias-ch"]
[Site "Vecindario"]
[Date "2016.05.27"]
[Round "1.4"]
[White "Castilla Arteaga, Carlos David"]
[Black "Garcia Blanco, Omar"]
[Result "0-1"]
[WhiteElo "1781"]
[BlackElo "2249"]
[PlyCount "60"]
[EventDate "2016.05.27"]
[EventType "swiss"]
[EventRounds "6"]
[EventCountry "ESP"]
[SourceTitle "EXT 2024"]
[Source "ChessBase"]
[SourceDate "2023.10.10"]
[SourceVersion "1"]
[SourceVersionDate "2023.10.10"]
[SourceQuality "1"]

1. e4 c5 2. Nf3 e6 3. d4 cxd4 4. Nxd4 Nc6 5. Nxc6 bxc6 6. Nc3 e5 7. Bc4 Nf6 8. Bg5 Be7 9. Bxf6 Bxf6 10. Qd6 Qa5 11. a3 Be7 12. Qd3 Rb8 13. 0-0 Rxb2 14. Qf3 Rxc2 15. Rac1 Rxc1 16. Qxf7+ Kd8 17. Rxc1 Qxa3 18. Na2 Rf8 19. Qh5 Ba6 20. Qe2 Bxc4 21. Qxc4 Qb2 22. f3 Bg5 23. Rd1 Be3+ 24. Kh1 Bd4 25. Qa4 g5 26. Nb4 g4 27. f4 Qe2 28. Nxc6+ dxc6 29. Rxd4+ exd4 30. Qxd4+ Kc8 0-1

[Event "Tenerife-chT Preferente 1516"]
[Site "Tenerife"]
[Date "2016.03.12"]
[Round "10.4"]
[White "Ramos Aguilar, Jose Manuel"]
[Black "Castilla Arteaga, Carlos David"]
[Result "1-0"]
[WhiteElo "2052"]
[BlackElo "1698"]
[PlyCount "61"]
[EventDate "2015.12.12"]
[EventType "team-tourn"]
[EventRounds "14"]
[EventCountry "ESP"]
[SourceTitle "EXT 2017"]
[Source "ChessBase"]
[SourceDate "2016.10.25"]
[SourceVersion "1"]
[SourceVersionDate "2016.10.25"]
[SourceQuality "1"]
[WhiteTeam "Casa de Venezuela Ebano"]
[BlackTeam "La Gomera"]
[WhiteTeamCountry "ESP"]
[BlackTeamCountry "ESP"]

1. Nf3 Nf6 2. g3 g6 3. b3 Bg7 4. Bb2 0-0 5. Bg2 d5 6. c4 dxc4 7. bxc4 c6 8. 0-0 Bf5 9. d3 Nbd7 10. Qb3 Rb8 11. Nd4 e5 12. Nxf5 gxf5 13. Nd2 Re8 14. Bh3 Ng4 15. Qc2 Qg5 16. Kg2 Re6 17. Nf3 Qh5 18. Ng1 Bh6 19. Bc1 Bxc1 20. Raxc1 f4 21. Qa4 fxg3 22. hxg3 f5 23. c5 Kh8 24. e3 Rh6 25. d4 Rg8 26. dxe5 Qg6 27. Qd4 Ndxe5 28. Bxg4 Qxg4 29. Qxe5+ Rg7 30. Rfd1 Qh5 31. Rd8+ 1-0

[Event "Tenerife-chT Preferente 1516"]
[Site "Tenerife"]
[Date "2016.03.05"]
[Round "9.3"]
[White "Canovas Pordomingo, Miguel Angel"]
[Black "Castilla Arteaga, Carlos David"]
[Result "1/2-1/2"]
[WhiteElo "2014"]
[BlackElo "1698"]
[PlyCount "62"]
[EventDate "2015.12.12"]
[EventType "team-tourn"]
[EventRounds "14"]
[EventCountry "ESP"]
[SourceTitle "EXT 2017"]
[Source "ChessBase"]
[SourceDate "2016.10.25"]
[SourceVersion "1"]
[SourceVersionDate "2016.10.25"]
[SourceQuality "1"]
[WhiteTeam "Canarias 64"]
[BlackTeam "La Gomera"]
[WhiteTeamCountry "ESP"]
[BlackTeamCountry "ESP"]

1. f4 d6 2. Nf3 Nc6 3. d4 e6 4. e4 Be7 5. Nc3 Bf6 6. Be3 Bd7 7. Qd2 a6 8. 0-0-0 g6 9. Be2 Qe7 10. d5 Na7 11. e5 dxe5 12. Nxe5 Nb5 13. Ne4 exd5 14. Nxf6+ Nxf6 15. Nxd7 Nxd7 16. Rhe1 Nd6 17. Qc3 0-0-0 18. Rxd5 Nf5 19. Bf2 Qf6 20. Qxf6 Nxf6 21. Rxd8+ Rxd8 22. Rd1 Ne4 23. Rxd8+ Kxd8 24. Bg1 Nfd6 25. c4 Ke7 26. c5 Ne8 27. Kc2 f5 28. b4 c6 29. a4 Nc7 30. Bc4 Nf6 31. Bd4 Ncd5 1/2-1/2

[Event "Tenerife-chT Preferente 1516"]
[Site "Tenerife"]
[Date "2016.01.09"]
[Round "3.4"]
[White "Castilla Arteaga, Carlos David"]
[Black "Ramos Aguilar, Jose Manuel"]
[Result "1/2-1/2"]
[WhiteElo "1698"]
[BlackElo "2052"]
[PlyCount "77"]
[EventDate "2015.12.12"]
[EventType "team-tourn"]
[EventRounds "14"]
[EventCountry "ESP"]
[SourceTitle "CBM 170 Extra"]
[Source "ChessBase"]
[SourceDate "2016.02.25"]
[SourceVersion "1"]
[SourceVersionDate "2016.02.25"]
[SourceQuality "1"]
[WhiteTeam "La Gomera"]
[BlackTeam "Casa de Venezuela Ebano"]
[WhiteTeamCountry "ESP"]
[BlackTeamCountry "ESP"]

1. e4 c5 2. Nf3 a6 3. d4 cxd4 4. Nxd4 Nf6 5. Nc3 e5 6. Nf3 Bb4 7. Bc4 Nc6 8. 0-0 h6 9. Re1 d6 10. h3 0-0 11. Bd2 Be6 12. Bb3 Re8 13. a3 Bc5 14. Be3 Qc7 15. Bxc5 dxc5 16. Nd5 Bxd5 17. Bxd5 Rad8 18. c4 Nd4 19. Nxd4 exd4 20. Qf3 b5 21. b3 Re7 22. Re2 Rde8 23. Rae1 Kf8 24. a4 bxa4 25. bxa4 Nd7 26. Qd3 Ne5 27. Qd2 Rb8 28. f4 Ng6 29. f5 Nf4 30. Rf2 Nxd5 31. exd5 Rbe8 32. Rfe2 Rxe2 33. Rxe2 Rxe2 34. Qxe2 Qf4 35. Qf1 Qe3+ 36. Qf2 Qc1+ 37. Qf1 Qe3+ 38. Qf2 Qc1+ 39. Qf1 1/2-1/2

[Event "Tenerife-chT Preferente 1516"]
[Site "Tenerife"]
[Date "2015.12.19"]
[Round "2.4"]
[White "Rodriguez Perez, Mauro"]
[Black "Castilla Arteaga, Carlos David"]
[Result "1/2-1/2"]
[WhiteElo "1904"]
[BlackElo "1698"]
[PlyCount "81"]
[EventDate "2015.12.12"]
[EventType "team-tourn"]
[EventRounds "14"]
[EventCountry "ESP"]
[SourceTitle "CBM 170 Extra"]
[Source "ChessBase"]
[SourceDate "2016.02.25"]
[SourceVersion "1"]
[SourceVersionDate "2016.02.25"]
[SourceQuality "1"]
[WhiteTeam "Canarias 64"]
[BlackTeam "La Gomera"]
[WhiteTeamCountry "ESP"]
[BlackTeamCountry "ESP"]

1. d4 d5 2. c4 c6 3. Nf3 Nf6 4. Qc2 e6 5. e3 Be7 6. Be2 Nbd7 7. 0-0 0-0 8. b3 Ne4 9. Ba3 Bxa3 10. Nxa3 Qe7 11. Qb2 Re8 12. Rfd1 Qf6 13. Bd3 Ng5 14. Ne5 Qe7 15. Nxd7 Bxd7 16. f4 Ne4 17. Bxe4 dxe4 18. c5 b5 19. Nb1 f5 20. a4 a6 21. Nd2 g5 22. g3 Qg7 23. Kh1 g4 24. axb5 axb5 25. Rxa8 Rxa8 26. Ra1 Qf8 27. Qc3 Qd8 28. Kg2 h5 29. b4 Kf7 30. Ra3 Qb8 31. Qa1 Rxa3 32. Qxa3 Qb7 33. Qa5 Ke7 34. Nb3 Bc8 35. Kf2 Kd7 36. Qa1 Ke7 37. Qa2 Kf7 38. Qa5 Ke7 39. Qa1 Qd7 40. Qh1 Qd5 41. Qd1 1/2-1/2

[Event "Tenerife-chT-A1"]
[Site "Tenerife"]
[Date "2013.03.16"]
[Round "8.2"]
[White "Plasencia Garcia, Juan Carlos"]
[Black "Castilla Arteaga, Carlos David"]
[Result "0-1"]
[WhiteElo "1686"]
[BlackElo "1766"]
[PlyCount "72"]
[EventDate "2013.01.19"]
[EventType "team-tourn"]
[EventRounds "14"]
[EventCountry "ESP"]
[SourceTitle "EXT 2014"]
[Source "ChessBase"]
[SourceDate "2013.11.20"]
[SourceVersion "1"]
[SourceVersionDate "2013.11.20"]
[SourceQuality "1"]
[WhiteTeam "Escuela Ajedrez Casa Venezuela"]
[BlackTeam "La Gomera"]
[WhiteTeamCountry "ESP"]
[BlackTeamCountry "ESP"]

1. f4 Nf6 2. Nf3 d5 3. e3 Nc6 4. Bb5 Bg4 5. 0-0 e6 6. b3 a6 7. Bxc6+ bxc6 8. Bb2 Be7 9. h3 Bxf3 10. Qxf3 0-0 11. g4 c5 12. g5 Ne8 13. Qg4 d4 14. Na3 e5 15. h4 exf4 16. Rxf4 dxe3 17. dxe3 Qd2 18. Nc4 Qxc2 19. Rc1 Qg6 20. Ne5 Qe6 21. Qxe6 fxe6 22. Rxf8+ Bxf8 23. Nc6 a5 24. Rc4 Ra6 25. Ne5 Rd6 26. Rc2 Rd1+ 27. Kg2 Nd6 28. Nd7 Nf5 29. Nxf8 Nxe3+ 30. Kf2 Nxc2 31. Nxe6 Nb4 32. Bxg7 Rd6 33. Nxc7 Rd2+ 34. Ke1 Rd7 35. Bf8 Rxc7 36. Bd6 Rd7 0-1

[Event "Tenerife-chT-A1"]
[Site "Tenerife"]
[Date "2013.01.26"]
[Round "2.3"]
[White "Castilla Arteaga, Carlos David"]
[Black "Dominguez Afonso, Ayraldo"]
[Result "1-0"]
[WhiteElo "1766"]
[BlackElo "1441"]
[PlyCount "99"]
[EventDate "2013.01.19"]
[EventType "team-tourn"]
[EventRounds "14"]
[EventCountry "ESP"]
[SourceTitle "EXT 2014"]
[Source "ChessBase"]
[SourceDate "2013.11.20"]
[SourceVersion "1"]
[SourceVersionDate "2013.11.20"]
[SourceQuality "1"]
[WhiteTeam "La Gomera"]
[BlackTeam "La Victoria 94"]
[WhiteTeamCountry "ESP"]
[BlackTeamCountry "ESP"]

1. e4 e6 2. d4 d5 3. exd5 exd5 4. Bd3 Bd6 5. Nf3 Ne7 6. Bg5 f6 7. Be3 Bf5 8. c3 Bxd3 9. Qxd3 c6 10. 0-0 0-0 11. Nbd2 Nd7 12. Nh4 Qc7 13. h3 Rfe8 14. Nf5 Nxf5 15. Qxf5 Nf8 16. Nf3 Re4 17. Nd2 Re6 18. Rfe1 Rae8 19. Nf3 Ng6 20. Bd2 Qc8 21. Qd3 Nf4 22. Bxf4 Bxf4 23. Kf1 Qd7 24. Rxe6 Rxe6 25. b3 Re4 26. Re1 Qf5 27. Re2 g5 28. Ng1 Qe6 29. Rxe4 Qxe4 30. Qxe4 dxe4 31. Ke2 Kf7 32. g3 Bd6 33. Ke3 f5 34. Ne2 Ke6 35. g4 b5 36. gxf5+ Kxf5 37. Ng3+ Bxg3 38. fxg3 h5 39. c4 a6 40. a4 bxc4 41. bxc4 g4 42. h4 a5 43. c5 Kf6 44. Kxe4 Ke6 45. d5+ cxd5+ 46. Kd4 Kd7 47. Kxd5 Kc7 48. c6 Kc8 49. Kc5 Kc7 50. Kb5 1-0

[Event "Las Palmas Montalvo Memorial 4th"]
[Site "Las Palmas"]
[Date "2011.04.22"]
[Round "7"]
[White "Castilla Arteaga, Carlos David"]
[Black "Galvan Sarmiento, Jose Luis"]
[Result "1/2-1/2"]
[WhiteElo "1795"]
[BlackElo "1997"]
[PlyCount "103"]
[EventDate "2011.04.18"]
[EventType "swiss"]
[EventRounds "9"]
[EventCountry "ESP"]
[SourceTitle "CBM 141 Extra"]
[Source "ChessBase"]
[SourceDate "2011.05.03"]
[SourceVersion "1"]
[SourceVersionDate "2011.05.03"]
[SourceQuality "1"]

1. e4 e6 2. d4 d5 3. Nd2 Be7 4. e5 c5 5. c3 Nc6 6. Ndf3 Qb6 7. Ne2 f6 8. exf6 Nxf6 9. Ng3 cxd4 10. cxd4 Bb4+ 11. Bd2 Bd6 12. Bc3 Bd7 13. Bd3 Nb4 14. Bb1 Bb5 15. Qd2 Nc6 16. Bd3 Bxd3 17. Qxd3 0-0 18. 0-0 Rae8 19. Rfe1 Qd8 20. Re2 a6 21. Rae1 Qc8 22. Ng5 Nd8 23. Nh5 g6 24. Nxf6+ Rxf6 25. Qh3 Qd7 26. Ba5 Bc7 27. Bxc7 Qxc7 28. Re5 Re7 29. Qe3 Qd7 30. Qd2 Kg7 31. Nf3 Nf7 32. R5e2 Qc8 33. Ne5 Nd6 34. Ng4 Rf5 35. Qh6+ Kh8 36. Ne5 Kg8 37. g4 Nf7 38. Nxg6 Re8 39. Qh4 Rg5 40. Ne5 Rg7 41. Nxf7 Rxf7 42. Re5 Rg7 43. Kh1 Rg6 44. Rg5 Qc2 45. Rxg6+ hxg6 46. Qg5 Kh7 47. Rc1 Qe4+ 48. Kg1 Rf8 49. Qh4+ Kg8 50. Rc7 Qe1+ 51. Kg2 Qe4+ 52. Kg1 1/2-1/2

[Event "Las Palmas Montalvo Memorial 4th"]
[Site "Las Palmas"]
[Date "2011.04.18"]
[Round "1"]
[White "Castilla Arteaga, Carlos David"]
[Black "Hernando Rodrigo, Jose Maria"]
[Result "0-1"]
[WhiteElo "1795"]
[BlackElo "2313"]
[PlyCount "78"]
[EventDate "2011.04.18"]
[EventType "swiss"]
[EventRounds "9"]
[EventCountry "ESP"]
[SourceTitle "CBM 141 Extra"]
[Source "ChessBase"]
[SourceDate "2011.05.03"]
[SourceVersion "1"]
[SourceVersionDate "2011.05.03"]
[SourceQuality "1"]

1. e4 d5 2. exd5 Qxd5 3. Nf3 Nf6 4. Be2 Bg4 5. h3 Bh5 6. 0-0 e6 7. d4 Nc6 8. c4 Qf5 9. Nc3 0-0-0 10. Be3 g5 11. a3 Rg8 12. b4 Bxf3 13. Bxf3 Ne5 14. Qe2 Nxf3+ 15. Qxf3 Qxf3 16. gxf3 Ne8 17. d5 Bg7 18. Rac1 Bxc3 19. Rxc3 exd5 20. cxd5 Rg6 21. Rd1 Rgd6 22. Rcd3 Nf6 23. Kh2 h6 24. Bc5 Rxd5 25. Rxd5 Rxd5 26. Rxd5 Nxd5 27. Bf8 h5 28. h4 gxh4 29. Bh6 Kd7 30. Kh3 Ke6 31. Kxh4 Kf5 32. Kxh5 b6 33. Bd2 c5 34. bxc5 bxc5 35. Kh6 c4 36. Kg7 Ke6 37. f4 f5 38. Kg6 c3 39. Bc1 c2 0-1

[Event "San Sebastian de la Gomera 1st"]
[Site "San Sebastian de la Gomera"]
[Date "2011.03.04"]
[Round "6.5"]
[White "Castilla Arteaga, Carlos David"]
[Black "Baartz, Marcel Verner"]
[Result "1/2-1/2"]
[WhiteElo "1795"]
[BlackElo "1879"]
[PlyCount "48"]
[EventDate "2011.01.26"]
[EventType "tourn"]
[EventRounds "9"]
[EventCountry "ESP"]
[SourceTitle "EXT 2024"]
[Source "ChessBase"]
[SourceDate "2023.10.10"]
[SourceVersion "1"]
[SourceVersionDate "2023.10.10"]
[SourceQuality "1"]

1. e4 d5 2. exd5 Qxd5 3. Nc3 Qa5 4. d4 Nf6 5. Nf3 c6 6. Bc4 Bf5 7. Bd2 Nbd7 8. Qe2 e6 9. h3 Bb4 10. Nh4 0-0-0 11. 0-0-0 Nb6 12. Nxf5 Qxf5 13. g4 Qa5 14. a3 Nxc4 15. Qxc4 Bxc3 16. Bxc3 Qd5 17. Qxd5 exd5 18. Rde1 Rhe8 19. f3 Rxe1+ 20. Rxe1 Re8 21. Rxe8+ Nxe8 22. Kd2 Kd7 23. Bb4 Nd6 24. Bxd6 Kxd6 1/2-1/2

[Event "San Sebastian de la Gomera 1st"]
[Site "San Sebastian de la Gomera"]
[Date "2011.02.25"]
[Round "5.1"]
[White "Castilla Arteaga, Carlos David"]
[Black "Machin Arbelo, Pedro Alexis"]
[Result "0-1"]
[WhiteElo "1795"]
[BlackElo "2057"]
[PlyCount "60"]
[EventDate "2011.01.26"]
[EventType "tourn"]
[EventRounds "9"]
[EventCountry "ESP"]
[SourceTitle "EXT 2024"]
[Source "ChessBase"]
[SourceDate "2023.10.10"]
[SourceVersion "1"]
[SourceVersionDate "2023.10.10"]
[SourceQuality "1"]

1. e4 c5 2. Nf3 e6 3. d4 cxd4 4. Nxd4 a6 5. Bd3 Qc7 6. Qe2 Bd6 7. h3 Nc6 8. Nxc6 dxc6 9. 0-0 e5 10. c4 Be6 11. Be3 Nf6 12. a3 0-0 13. c5 Be7 14. Nc3 Rfd8 15. Bc4 Bxc4 16. Qxc4 Nd7 17. Rad1 Nf8 18. Rxd8 Rxd8 19. f4 Ne6 20. fxe5 Qxe5 21. b4 Qg3 22. Qe2 Bf6 23. Rf3 Qe5 24. Na2 Qxe4 25. Rf2 Rd3 26. Bc1 Qd5 27. Kh2 Be5+ 28. Bf4 Bxf4+ 29. Rxf4 Rd2 30. Nc3 Rxe2 0-1